| 000 | 00507nam a22001937a 4500 | ||
|---|---|---|---|
| 003 | NUST - PNEC | ||
| 005 | 20170116180754.0 | ||
| 008 | 150331b xxu||||| |||| 00| 0 eng d | ||
| 020 | _a9694071143 | ||
| 040 | _cLIBRARY | ||
| 082 | _a306.697 SAY | ||
| 100 |
_91938 _aSayeed S.M.A. |
||
| 245 |
_aIslamic modernism : socio- cultural analysis _cSayeed S.M.A. |
||
| 250 | _a- | ||
| 260 |
_aPakistan _bRoyal Book Company _cc1990. |
||
| 300 | _a134 p. : | ||
| 650 |
_91944 _aIslam _xGeneral |
||
| 942 |
_2ddc _cBK |
||
| 999 |
_c62668 _d62668 |
||